Where Did I Rule ? - Statistics

General Stats
  • This quiz has been taken 25 times
  • The average score is 12 of 16
Answer Stats
Leader Country % Correct
Fidel Castro Cuba
100%
Charles de Gaulle France
96%
Nelson Mandela South Africa
96%
Km Il-sung North Korea
92%
Helmut Kohl Germany
83%
Jawaharlal Nehru India
83%
Muammar Gaddafi Libya
83%
Abdel Nasser Egypt
79%
General Pinochet Chile
75%
Haile Selassie Ethiopia
75%
Benazir Bhutto Pakistan
71%
Sukarno Indonesia
58%
Nursultan Nazarbayev Kazakhstan
58%
Pedro II Brazil
50%
Nnamdi Azikiwe Nigeria
42%
Kwame Nkrumah Ghana
38%
No matching quizzes found
Score Distribution
Percent of People with Each Score
Percentile by Number Answered
Your Score History
You have not taken this quiz